000 00458nam a22001697a 4500
005 20251108164338.0
008 250721s1988 xx 000 0 ara d
082 1 4 _a691/شري
100 1 _aالشريف، روحي
245 1 0 _aفحص المواد :
_bمواد الإنشاءات /
264 1 _aعمان :
_bالمؤلف،
_c1988.
300 _a239ص
650 1 7 _aالبناء
650 1 7 _aمواد البناء
942 _2ddc
_cBK
999 _c9893
_d9893